000 01522nam a22003017a 4500
005 20090811103411.0
008 090807t xxu||||| |||| 00| 0 hin d
010 _aHIN-87721
020 _a8172770502
_c250.00
035 _aHN-60067
037 _bDBAD / PUB
040 _adpl
_bhn
082 _a240.35
245 _aशताब्दी पुरूष सहजानन्द वर्णी :
_c अशोक सहजानन्द द्वारा संपादित
_bव्यक्ति और विचार /
246 _aShtabadipurush Sahajanand Varni: vyakti aur vichar
_bEdited by Ashok Sahajanand
260 _aदिल्ली
_bरिसर्च बुक्स
_c2009
270 _aबी-5/263 यमुना विहार
_bदिल्ली
_e110053
_k011-65278761
300 _aखंड-1 (243पृ.)
_c22सेमी (सजिल्द)
500 _a(खंड-1) केवल खंड-1 उपलब्ध है ।
600 _aसहजानन्द वर्णी
600 _aSahajanand Varni
650 _aजैन धर्म
650 _aJainism
700 _aसहजानन्द, अशोक
700 _aयादव, दीदार सिंह
942 _2ddc
_cHN
_mशताब्दी
_h240.35
999 _c29089
_d29089